[Event "GER-chT U10"]
[Site "Magdeburg"]
[Date "2012.12.27"]
[Round "2.2"]
[White "Schmidt, Johannes4444"]
[Black "Brehm, Mirja"]
[Result "0-1"]
[WhiteElo "681"]
[BlackElo "990"]
[PlyCount "44"]
[EventDate "2012.12.27"]
[EventType "team-swiss"]
[EventRounds "7"]
[EventCountry "GER"]
[SourceTitle "EXT 2014"]
[Source "ChessBase"]
[SourceDate "2013.11.20"]
[SourceVersion "1"]
[SourceVersionDate "2013.11.20"]
[SourceQuality "1"]
[WhiteTeam "Neumarkt"]
[BlackTeam "Saalfeld"]
[WhiteTeamCountry "GER"]
[BlackTeamCountry "GER"]

1. e4 e5 2. Bc4 Nf6 3. Nf3 Nc6 4. 0-0 Nxe4 5. d3 Nf6 6. Ng5 d5 7. Bb3 h6 8. Nf3 Bc5 9. Be3 d4 10. Bd2 0-0 11. c3 Bg4 12. Qe1 Bxf3 13. gxf3 Qd7 14. f4 Qg4+ 15. Kh1 exf4 16. f3 Qh3 17. Bxf4 Bd6 18. Bxd6 cxd6 19. Nd2 Nh5 20. Rg1 Ne5 21. Ne4 Nxf3 22. Nf2 Qxh2# 0-1

[Event "GER-ch U10"]
[Site "Oberhof"]
[Date "2012.05.28"]
[Round "4"]
[White "Silber, Fabian"]
[Black "Brehm, Mirja"]
[Result "0-1"]
[WhiteElo "838"]
[BlackElo "1097"]
[PlyCount "46"]
[EventDate "2012.05.27"]
[EventType "swiss"]
[EventRounds "11"]
[EventCountry "GER"]
[SourceTitle "CBM 148 Extra"]
[Source "ChessBase"]
[SourceDate "2012.06.22"]
[SourceVersion "1"]
[SourceVersionDate "2012.06.22"]
[SourceQuality "1"]

1. e4 e5 2. Nf3 Nc6 3. Bc4 Bc5 4. d3 h6 5. Nc3 Nf6 6. h3 d6 7. 0-0 Be6 8. Bb3 Qd7 9. Bxe6 Qxe6 10. Nb5 0-0-0 11. Qe1 a6 12. Nc3 Rhg8 13. Be3 Nd4 14. Nxd4 exd4 15. Bd2 dxc3 16. Bxc3 Rde8 17. b4 Bb6 18. Rb1 Qxa2 19. Ra1 Qe6 20. Kh1 Nh5 21. g4 Nf4 22. h4 Qxg4 23. Rg1 Qh3# 0-1

[Event "GER-ch U10"]
[Site "Oberhof"]
[Date "2012.05.27"]
[Round "2"]
[White "Grey, Andrea"]
[Black "Brehm, Mirja"]
[Result "0-1"]
[WhiteElo "855"]
[BlackElo "1097"]
[PlyCount "122"]
[EventDate "2012.05.27"]
[EventType "swiss"]
[EventRounds "11"]
[EventCountry "GER"]
[SourceTitle "CBM 148 Extra"]
[Source "ChessBase"]
[SourceDate "2012.06.22"]
[SourceVersion "1"]
[SourceVersionDate "2012.06.22"]
[SourceQuality "1"]

1. e4 e5 2. Nf3 Nc6 3. Bb5 d6 4. d4 a6 5. Ba4 Bd7 6. Nc3 Nf6 7. d5 Ne7 8. Bxd7+ Qxd7 9. Bg5 h6 10. Be3 c6 11. Qd2 cxd5 12. exd5 e4 13. Ng1 Qf5 14. 0-0-0 Ng6 15. f3 exf3 16. Nxf3 Ne4 17. Qd3 Nf4 18. Qxe4+ Qxe4 19. Nxe4 Nxg2 20. Bd2 Be7 21. Rhg1 Nh4 22. Nxh4 Bxh4 23. Nxd6+ Kf8 24. Nxb7 Rb8 25. Nc5 Ra8 26. Be1 Bg5+ 27. Bd2 Bh4 28. Bc3 Bg5+ 29. Kb1 Rg8 30. d6 Be3 31. Rge1 Bxc5 32. d7 Be7 33. a3 f6 34. Bb4 Bxb4 35. axb4 Rd8 36. Ka2 g5 37. Re8+ Rxe8 38. d8Q Rxd8 39. Rxd8+ Kf7 40. Rxg8 Kxg8 41. c4 Kf7 42. b5 axb5 43. cxb5 Ke7 44. Kb3 Kd7 45. Kc4 Kc7 46. Kd5 f5 47. Ke5 f4 48. Ke4 h5 49. h4 g4 50. Kxf4 Kb6 51. b3 Kxb5 52. b4 Kxb4 53. Kg3 Kc3 54. Kf4 Kd4 55. Kg3 Ke3 56. Kh2 Kf3 57. Kh1 Kf2 58. Kh2 g3+ 59. Kh3 g2 60. Kh2 g1Q+ 61. Kh3 Qg3# 0-1